=LDR 00000nam 2200000 4500 =001 INLIS000000000017303 =005 20130612112512 =008 ***********************************Ind** =035 ##$$0010-061300000017303 =041 ##$$a Ind =082 ##$$a 612.92 =090 ##$$a 612.92, Smi p =100 ##$$a Smith, Carlton G =245 ##$$a Penguraian otak manusia secara keseluruhan, Carlton G. Smith ; alih bahasa, Drs. H. Abdul Kamid Iskandar =260 ##$$a 1997 $b Jakarta =300 ##$$a x, 91 hlm, ilus, 27 cm =650 ##$$a Otak-fisiologi =700 ##$$a Iskandar, Abdul Kamid =850 ##$$a NBPNMAT